| 000 | 00350nam a22001337a 4500 | ||
|---|---|---|---|
| 008 | 170620b xxu||||| |||| 00| 0 eng d | ||
| 020 | _a9780691025568 | ||
| 041 | _aeng | ||
| 080 | _a32 | ||
| 100 | _a20 | ||
| 101 | _aSHP | ||
| 245 |
_aHOPE SHATERD THE GUATEMALAN REVOLLUTION AND THE UNITED STATES 1944-1954 _cGLEIJESES.P |
||
| 942 |
_2udc _cBK |
||
| 999 |
_c18338 _d18338 |
||